<?xml version="1.0" encoding="UTF-8"?><?xml-stylesheet type="text/xsl" href="static/style.xsl"?><OAI-PMH xmlns="http://www.openarchives.org/OAI/2.0/" xmlns:xsi="http://www.w3.org/2001/XMLSchema-instance" xsi:schemaLocation="http://www.openarchives.org/OAI/2.0/ http://www.openarchives.org/OAI/2.0/OAI-PMH.xsd"><responseDate>2026-04-17T11:31:39Z</responseDate><request verb="GetRecord" identifier="oai:www.recercat.cat:10230/52532" metadataPrefix="marc">https://recercat.cat/oai/request</request><GetRecord><record><header><identifier>oai:recercat.cat:10230/52532</identifier><datestamp>2025-12-18T01:06:13Z</datestamp><setSpec>com_2072_6</setSpec><setSpec>col_2072_452952</setSpec></header><metadata><record xmlns="http://www.loc.gov/MARC21/slim" xmlns:dcterms="http://purl.org/dc/terms/" xmlns:xsi="http://www.w3.org/2001/XMLSchema-instance" xmlns:doc="http://www.lyncode.com/xoai" xsi:schemaLocation="http://www.loc.gov/MARC21/slim http://www.loc.gov/standards/marcxml/schema/MARC21slim.xsd">
   <leader>00925njm 22002777a 4500</leader>
   <datafield ind2=" " ind1=" " tag="042">
      <subfield code="a">dc</subfield>
   </datafield>
   <datafield ind2=" " ind1=" " tag="720">
      <subfield code="a">Huang, Yan</subfield>
      <subfield code="e">author</subfield>
   </datafield>
   <datafield ind2=" " ind1=" " tag="720">
      <subfield code="a">Sanz, Javier</subfield>
      <subfield code="e">author</subfield>
   </datafield>
   <datafield ind2=" " ind1=" " tag="720">
      <subfield code="a">Rodríguez de Dios, Núria</subfield>
      <subfield code="e">author</subfield>
   </datafield>
   <datafield ind2=" " ind1=" " tag="720">
      <subfield code="a">Duran Jordà, Xavier, 1974-</subfield>
      <subfield code="e">author</subfield>
   </datafield>
   <datafield ind2=" " ind1=" " tag="720">
      <subfield code="a">Martínez, Álvaro</subfield>
      <subfield code="e">author</subfield>
   </datafield>
   <datafield ind2=" " ind1=" " tag="720">
      <subfield code="a">Li, X.</subfield>
      <subfield code="e">author</subfield>
   </datafield>
   <datafield ind2=" " ind1=" " tag="720">
      <subfield code="a">Foro Arnalot, Palmira</subfield>
      <subfield code="e">author</subfield>
   </datafield>
   <datafield ind2=" " ind1=" " tag="720">
      <subfield code="a">Conde, M.</subfield>
      <subfield code="e">author</subfield>
   </datafield>
   <datafield ind2=" " ind1=" " tag="720">
      <subfield code="a">Zhao, Mengyao</subfield>
      <subfield code="e">author</subfield>
   </datafield>
   <datafield ind2=" " ind1=" " tag="720">
      <subfield code="a">Liu, F.</subfield>
      <subfield code="e">author</subfield>
   </datafield>
   <datafield ind2=" " ind1=" " tag="720">
      <subfield code="a">Reig Castillejo, Anna</subfield>
      <subfield code="e">author</subfield>
   </datafield>
   <datafield ind2=" " ind1=" " tag="720">
      <subfield code="a">Dengra, Josefa</subfield>
      <subfield code="e">author</subfield>
   </datafield>
   <datafield ind2=" " ind1=" " tag="720">
      <subfield code="a">Membrive, Ismael</subfield>
      <subfield code="e">author</subfield>
   </datafield>
   <datafield ind2=" " ind1=" " tag="720">
      <subfield code="a">Pérez, P.</subfield>
      <subfield code="e">author</subfield>
   </datafield>
   <datafield ind2=" " ind1=" " tag="720">
      <subfield code="a">Algara López, Manuel-Ignacio</subfield>
      <subfield code="e">author</subfield>
   </datafield>
   <datafield ind2=" " ind1=" " tag="260">
      <subfield code="c">2022-02-21T08:03:17Z</subfield>
   </datafield>
   <datafield ind2=" " ind1=" " tag="260">
      <subfield code="c">2022-02-21T08:03:17Z</subfield>
   </datafield>
   <datafield ind2=" " ind1=" " tag="260">
      <subfield code="c">2022</subfield>
   </datafield>
   <datafield ind2=" " ind1=" " tag="520">
      <subfield code="a">Purpose: Radiation-induced toxicity (RIT) is usually assessed by inspection and palpation. Due to their subjective and unquantitative nature, objective methods are required. This study aimed to determine whether a quantitative tool is able to assess RIT and establish an underlying BED-response relationship in breast cancer. Methods: Patients following seven different breast radiation protocols were recruited to this study for RIT assessment with qualitative and quantitative examination. The biologically equivalent dose (BED) was used to directly compare different radiation regimens. RIT was subjectively evaluated by physicians using the Radiation Therapy Oncology Group (RTOG) late toxicity scores. Simultaneously an objective multiprobe device was also used to quantitatively assess late RIT in terms of erythema, hyperpigmentation, elasticity and skin hydration. Results: In 194 patients, in terms of the objective measurements, treated breasts showed higher erythema and hyperpigmentation and lower elasticity and hydration than untreated breasts (p &amp;lt; 0.001, p &amp;lt; 0.001, p &amp;lt; 0.001, p = 0.019, respectively). As the BED increased, Δerythema and Δpigmentation gradually increased as well (p = 0.006 and p = 0.002, respectively). Regarding the clinical assessment, the increase in BED resulted in a higher RTOG toxicity grade (p &amp;lt; 0.001). Quantitative assessments were consistent with RTOG scores. As the RTOG toxicity grade increased, the erythema and pigmentation values increased, and the elasticity index decreased (p &amp;lt; 0.001, p = 0.016, p = 0.005, respectively). Conclusions: The multiprobe device can be a sensitive and simple tool for research purpose and quantitatively assessing RIT in patients undergoing radiotherapy for breast cancer. Physician-assessed toxicity scores and objective measurements revealed that the BED was positively associated with the severity of RIT.</subfield>
   </datafield>
   <datafield tag="653" ind2=" " ind1=" ">
      <subfield code="a">Biological equivalent dose</subfield>
   </datafield>
   <datafield tag="653" ind2=" " ind1=" ">
      <subfield code="a">Breast cancer</subfield>
   </datafield>
   <datafield tag="653" ind2=" " ind1=" ">
      <subfield code="a">Objective evaluation</subfield>
   </datafield>
   <datafield tag="653" ind2=" " ind1=" ">
      <subfield code="a">Quantitative assessment</subfield>
   </datafield>
   <datafield tag="653" ind2=" " ind1=" ">
      <subfield code="a">Radiation-induced toxicity</subfield>
   </datafield>
   <datafield tag="653" ind2=" " ind1=" ">
      <subfield code="a">Radiotherapy</subfield>
   </datafield>
   <datafield ind2="0" ind1="0" tag="245">
      <subfield code="a">Quantitative assessments of late radiation-induced skin and soft tissue toxicity and correlation with RTOG scales and biological equivalent dose in breast cancer</subfield>
   </datafield>
</record></metadata></record></GetRecord></OAI-PMH>